Предстали взору ненадолго (Запись № 10158404)
[ простой вид ]
| 000 -МАРКЕР | |
|---|---|
| контрольное поле | 01746nam0a22003251 4500 |
| 001 - ИДЕНТИФИКАТОР ЗАПИСИ | |
| контрольное поле | GAK\3366084 |
| 005 - ИДЕНТИФИКАТОР ВЕРСИИ | |
| контрольное поле | 20260407073324.0 |
| 035 ## - ДРУГИЕ СИСТЕМНЫЕ НОМЕРА | |
| Идентификатор записи | (NLR Aleph) 010506454 |
| 100 ## - ДАННЫЕ ОБЩЕЙ ОБРАБОТКИ | |
| Данные общей обработки | 20140730d1998 |||y0rusy50 ca |
| 101 0# - ЯЗЫК РЕСУРСА | |
| Язык текста, звукозаписи и т.д. | русский |
| -- | английский |
| -- | немецкий |
| 102 ## - СТРАНА ПУБЛИКАЦИИ ИЛИ ПРОИЗВОДСТВА | |
| Страна публикации | российская федерация |
| 105 ## - ПОЛЕ КОДИРОВАННЫХ ДАННЫХ: ТЕКСТОВЫЕ МАТЕРИАЛЫ, МОНОГРАФИЧЕСКИЕ | |
| Кодированные данные о монографическом текстовом документе | a b ||||| |
| 200 1# - ЗАГЛАВИЕ И СВЕДЕНИЯ ОБ ОТВЕТСТВЕННОСТИ | |
| Основное заглавие | Предстали взору ненадолго |
| Сведения, относящиеся к заглавию | офорты Рембрандта из собрания Эрмитажа |
| -- | [каталог выставки] |
| 210 ## - ПУБЛИКАЦИЯ, РАСПРОСТРАНЕНИЕ И ДР. | |
| Место издания, распространения и т.д. | Б.м |
| Имя издателя, распространителя и т. д. | б.и. |
| Дата издания, распространения и т.д. | [1998] |
| 215 ## - ФИЗИЧЕСКАЯ ХАРАКТЕРИСТИКА | |
| Специфическое обозначение материала и объем | 39 с. |
| Другие сведения о физической характеристике | ил. |
| Размеры | 22 |
| 300 ## - ОБЩИЕ ПРИМЕЧАНИЯ | |
| Текст примечания | Текст парал. на рус., нем. и англ. яз. |
| 517 1# - ДРУГИЕ ВАРИАНТЫ ЗАГЛАВИЯ | |
| Вариант заглавия | Офорты Рембрандта из собрания Эрмитажа |
| Язык заглавия | русский |
| 601 02 - НАИМЕНОВАНИЕ ОРГАНИЗАЦИИ КАК ПРЕДМЕТ | |
| Начальный элемент ввода | Государственный Эрмитаж |
| Идентифицирующий признак | Санкт-Петербург, город |
| Формальный подзаголовок | Каталоги |
| Тематический подзаголовок | Коллекция графики |
| Системный номер авторитетной/нормативной записи | 2145499 |
| Идентификатор авторитетной/нормативной записи | RU\NLR\AUTH\661597296 |
| 604 ## - ИМЯ И ЗАГЛАВИЕ КАК ПРЕДМЕТ | |
| Связываемые данные | 700#0$aРембрандт$bХ. ван Р.$gХарменс ван Рейн$f1606 - 1669 |
| -- | 5011#$aОфорты$jКаталоги$2nlr_sh1$2nlr_sh2$3RU\NLR\AUTH\66328857 |
| Имя лица | Рембрандт, Харменс ван Рейн (1606 - 1669) |
| Заглавие | Офорты |
| Формальный подзаголовок | Каталоги |
| Системный номер авторитетной/нормативной записи | 903498 |
| Идентификатор авторитетной/нормативной записи | RU\NLR\AUTH\66328857 |
| 686 0# - ИНДЕКСЫ ДРУГИХ КЛАССИФИКАЦИЙ | |
| Индекс | Щ143(4Н)44-8Рембрандт |
| Код системы | |
| 700 #1 - ИМЯ ЛИЦА - ПЕРВИЧНАЯ ОТВЕТСТВЕННОСТЬ | |
| Код отношения | Карикатурист, Художник |
| Материалы, к которым относится поле | rus |
| Графика поля | Кириллица |
| Начальный элемент ввода | Рембрандт |
| Часть имени, кроме начального элемента ввода | Х. ван Р. |
| Даты | 1606-1669 |
| Расширение инициалов личного имени | Харменс ван Рейн |
| Идентификатор авторитетной/нормативной записи | RU\NLR\AUTH\778252 |
| Системный номер авторитетной/нормативной записи | 118164 |
| 712 02 - НАИМЕНОВАНИЕ ОРГАНИЗАЦИИ - ВТОРИЧНАЯ ОТВЕТСТВЕННОСТЬ | |
| Код отношения | Прочие |
| Начальный элемент ввода | Государственный Эрмитаж |
| Идентифицирующий признак | Санкт-Петербург |
| Идентификатор авторитетной/нормативной записи | RU\NLR\AUTH\883267 |
| Системный номер авторитетной/нормативной записи | 277747 |
| 801 #0 - ИСТОЧНИК ЗАПИСИ | |
| Страна | российская федерация |
| Организация | NLR |
| Дата составления | 20140730 |
| Правила каталогизации | psbo |
| 801 #1 - ИСТОЧНИК ЗАПИСИ | |
| Страна | российская федерация |
| Организация | NLR |
| Дата составления | 20140730 |
| Источник данных | rusmarc |
| 801 #2 - ИСТОЧНИК ЗАПИСИ | |
| Страна | российская федерация |
| Организация | NLR |
| Дата составления | 20140730 |
| Источник данных | rusmarc |
| 852 ## - МЕСТОНАХОЖДЕНИЕ И ШИФР ХРАНЕНИЯ | |
| Идентификатор организации | NLR |
| Наименование фонда или коллекции (Sub-Location Identifier) | Э |
| Шифр хранения (Call Number) | КП/Р371 |
| 942 ## - ДОПОЛНИТЕЛЬНЫЕ ЭЛЕМЕНТЫ ЗАПИСИ (АБИС) | |
| Тип экземпляра АБИС | Книга |
| 980 ## - КОЛЛЕКЦИЯ | |
| Название коллекции | Национальная библиография |
Нет доступных экземпляров.